| 000 -ლიდერი |
| ფიქსირებული სიგრძის საკონტროლო ველი |
01524nam a2200265Ia 4500 |
| 001 - საკონტროლო ნომერი |
| საკონტროლო ველი |
17691 |
| 003 - საკონტროლო ნომრის იდენტიფიკატორი |
| საკონტროლო ველი |
GE_BSU |
| 005 - ბოლო ოპერაციის თარიღი და დრო |
| საკონტროლო ველი |
20231213114526.0 |
| 008 - ფიქსირებული სიგრძის მონაცემთა ელემენტები - ზოგადი ინფორმაცია |
| ფიქსირებული სიგრძის საკონტროლო ველი |
181216s2015ge xx |||||||||||||| ||geo|| |
| 020 ## - წიგნის საერთაშორისო სტანდარტული ნომერი |
| International Standard Book Number |
9789941459115 |
| 040 ## - კატალოგიზაციის წყარო |
| Transcribing agency |
GE_BSU |
| 041 ## - ენის კოდი |
| Language code of text/sound track or separate title |
geo |
| 080 ## - უნივერსალური ათობითი კლასიფიკაციის ინდექსი |
| Universal Decimal Classification number |
635.9 ტ-96 |
| 100 ## - მთავარი ჩანაწერი - პიროვნების სახელი |
| Personal name |
ტყავაძე,მ. |
| 9 (RLIN) |
20689 |
| 245 ## - ცნობა სათაურის შესახებ |
| Title |
დეკორაციული დენდროლოგია : |
| Remainder of title |
წ.2. ნაწ. 2 (ფარულთესლოვან მერქნიან მცენარეთა სისტემატიკა და დახასიათება ) / |
| Statement of responsibility, etc |
მ. ტყავაძე, რ. კილაძე, ე. გუბელაძე, რედ.მ.კურდღელია. |
| 264 ## - წარმოების, გამოცემის, დისტრიბუციის და სხვა ცნობები |
| გამოცემის, წარმოების, დისტრიბუციის... ადგილი |
ქუთაისი : |
| გამოცემის, წარმოების, დისტრიბუციის... სახელწოდება |
აკაკი წერეთლის სახ. უნ-ტი, |
| გამოცემის, წარმოების, დისტრიბუციის... თარიღი |
2015. |
| 300 ## - ფიზიკური აღწერა |
| Extent |
243 გვ.; |
| Other physical details |
ილ. |
| Dimensions |
28 სმ. |
| 653 ## - INDEX TERM--UNCONTROLLED |
| Uncontrolled term |
დეკორატიული მცენარეები, დეკორატიული მებაღეობა |
| 653 ## - INDEX TERM--UNCONTROLLED |
| Uncontrolled term |
დეკორაციული დენდროლოგია |
| 653 ## - INDEX TERM--UNCONTROLLED |
| Uncontrolled term |
ფარულთესლოვან მერქნიან მცენარეთა სისტემატიკა და დახასიათება |
| 700 ## - ADDED ENTRY--PERSONAL NAME |
| Personal name |
კილაძე,რ. |
| 9 (RLIN) |
20690 |
| 700 ## - ADDED ENTRY--PERSONAL NAME |
| Personal name |
გუბელაძე,ე |
| 9 (RLIN) |
20691 |
| 700 ## - ADDED ENTRY--PERSONAL NAME |
| Personal name |
კურდღელია, მ |
| Relator term |
რედაქტორი |
| 9 (RLIN) |
20692 |
| 942 ## - ADDED ENTRY ELEMENTS (KOHA) |
| Koha item type |
წიგნი |
| Source of classification or shelving scheme |
|